| 000 | 005650000a22001810004500 | ||
|---|---|---|---|
| 003 | MACL | ||
| 005 | 20160331135631.0 | ||
| 008 | 160331b xxu||||| |||| 00| 0 eng d | ||
| 040 |
_aMACL _cMACL |
||
| 041 | _aHindi | ||
| 082 | _a333 | ||
| 100 |
_aडॉ प्रवीण चन्द्र त्रिवेदी _949295 |
||
| 245 | _aपर्यावरण व जैव प्रौघोगिकी | ||
| 260 |
_bआलोक प्रकाशन _c2007 _aजयपुर |
||
| 350 | _a130 | ||
| 650 |
_aEconomics _949296 |
||
| 942 |
_cHIN _k333 _2ddc |
||
| 999 |
_c11541 _d11541 |
||